Paroles - Nique la BAC - Lorenzo - Statistiques

Statistiques générales
  • Ce quiz a été pris 147 fois
  • Le résultat moyen est 247 sur 406
Statistiques - réponses
Réponse % Correct
l'
100%
à
98%
d'
95%
de
93%
La
93%
la
93%
93%
le
90%
ma
90%
vi
90%
BAC
88%
nique
88%
Nique
88%
Les
86%
les
86%
Les
86%
vie
84%
mère
83%
R
81%
J'
80%
j'
80%
Un
77%
un
77%
en
76%
que
76%
Ils
75%
ils
75%
tous
74%
stups
72%
sur
71%
air
70%
du
69%
faire
69%
majeur
69%
ou
69%
salope
68%
douane
67%
Je
66%
mais
65%
Lolo
64%
une
64%
comment
63%
bob,
62%
ouais
62%
Ouais
62%
robot
62%
se
62%
pas
61%
quelle
61%
d'attraper
60%
justice
60%
keufs
60%
rêvent
60%
tout
60%
j'sais
59%
moustache
59%
portraits
59%
et
58%
son
57%
Ça
56%
ça
56%
dans
56%
mes
55%
fume
54%
Vesqui
54%
Vide
53%
sont
52%
beuh
51%
mon
51%
toutes
51%
veulent
51%
des
50%
Jeune
49%
rouge
49%
boivent
48%
l'école,
48%
pute
48%
shit
48%
devenus
47%
eux
47%
moi
47%
police
47%
soirs
47%
vidéos
47%
faisaient
46%
Fils
46%
frapper
46%
fument
45%
jeunes
45%
Petits
45%
autorité
44%
devenir
44%
condés
43%
plus)
43%
plus
43%
quelqu'un
43%
résume
43%
veut
43%
voit
43%
bon
42%
gare
42%
sais
42%
c'est
41%
cherchent
39%
contribue
38%
deux
38%
quai
38%
lois
37%
tribu
37%
rando'
36%
état
35%
Fisc
35%
sacs
35%
sales
34%
argent
33%
Pouvaient
33%
drogués
32%
j'suis
32%
pro
32%
venger
32%
veux
31%
caleçons
30%
clair
30%
fouille
30%
j'ai
30%
Survole
30%
valise
30%
choper
29%
Eh
29%
net
29%
joint
28%
Chez
27%
d'la
27%
D'la
27%
duper
27%
quoi
27%
jamais
26%
kills
26%
pécule
26%
vu
26%
barreaux
25%
derrière
25%
bonne
24%
barricadé
23%
bédo
23%
Ah
22%
ah
22%
journée
22%
télé
22%
trouve
22%
collabos
21%
planque
21%
Fétichiste
20%
peu
20%
réacteur
20%
résine
20%
taille
20%
Nan
19%
apprenti
17%
bonheur
17%
dark
17%
proxénète
17%
courses
16%
déjà
16%
J'veux
16%
procès
16%
aime
15%
très
15%
j'aurai
14%
poches
14%
Hein
13%
poursuites
13%
qu'au
13%
rollers
13%
web
13%
(même
11%
serai
11%
J'fais
10%
sapés
10%
t'inquiète
10%
acteur
9%
l'monde
9%
moins
9%
Quatre
9%
mecs
8%
pleines
8%
bacqueux
7%
archistick
1%
Aucun quiz correspondant
Distribution des résultats
% des personnes avec chaque résultat
Percentile par nombre de réponses
Votre historique - résultats
Vous n’avez pas pris ce quiz